| 000 | 00412nam a2200169Ia 4500 | ||
|---|---|---|---|
| 003 | IT-RoPAU | ||
| 008 | 120407s9999 xx 000 0 und d | ||
| 040 | _aIT-RoPAU | ||
| 040 | _cIT-RoPAU | ||
| 100 | _aAgostino Berteu | ||
| 245 | _aBrevi meditazioni per tutti i giorni dell'anno e sopra le solennità della Chiesa | ||
| 250 | _aTorino | ||
| 260 | _aMarietti | ||
| 300 | _c cm | ||
| 490 | _v1 | ||
| 942 | _cBK | ||
| 999 |
_c7977 _d7977 |
||